| 000 | 00605nam a2200181Ia 4500 | ||
|---|---|---|---|
| 008 | 090122s9999 xx 000 0 und d | ||
| 082 | _b10969 | ||
| 100 |
_aनरवणे _bसुधा |
||
| 245 | _aअभिमानानं सांगेन | ||
| 260 |
_bनिशिगंधा _c2007 |
||
| 300 | _a216 | ||
| 501 | _aरोहित बुक सेंटर / बि.नं. 2152-15.1.07 | ||
| 600 | _aनरवणे | ||
| 630 | _aअभिमानानं सांगेन | ||
| 700 | _aनरवणे | ||
| 730 | _aअभिमानानं सांगेन | ||
| 942 | _cBOOK | ||
| 999 |
_c35046 _d35046 |
||